书目信息 |
| 题名: |
中国交通运输业生产力与技术变动研究
|
|
| 作者: | 庞瑞芝 著 | |
| 分册: | ||
| 出版信息: | 北京 经济管理出版社 2010 |
|
| 页数: | 223页 | |
| 开本: | 24cm | |
| 丛书名: | 中国现实经济热点问题系列 | |
| 单 册: | ||
| 中图分类: | F512 | |
| 科图分类: | ||
| 主题词: | 交通运输业--生产力--研究--中国 , 交通运输业--技术革新--研究--中国 | |
| 电子资源: | ||
| ISBN: | 978-7-5096-0631-5 | |
| 000 | 01304oam2 2200337 450 | |
| 001 | 004446736 | |
| 005 | 20100406172938.0 | |
| 010 | @a978-7-5096-0631-5@dCNY37.50 | |
| 090 | @aF512@bprz | |
| 096 | @aF512@bprz | |
| 100 | @a20100331d2010 em y0chiy0120 ea | |
| 101 | 0 | @achi |
| 102 | @aCN@b110000 | |
| 105 | @ay z 000yy | |
| 106 | @ar | |
| 200 | 1 | @a中国交通运输业生产力与技术变动研究@b专著@dStudy on productivity and technology change of Chinese transportation industry@f庞瑞芝著@zeng@9zhong guo jiao tong yun shu ye sheng chan li yu ji shu bian dong yan jiu |
| 210 | @a北京@c经济管理出版社@d2010 | |
| 215 | @a223页@d24cm | |
| 225 | 2 | @a中国现实经济热点问题系列 |
| 225 | 2 | @a南开大学交通经济研究丛书 |
| 308 | @a丛书主编:刘秉镰 | |
| 330 | @a本书从生产力成长、综合技术效率变化与技术变动以及中国绿色交通运输业发展等多个视角,评估了20世纪90年代末期以来中国交通运输业的成长绩效与面临的问题。 | |
| 461 | 0 | @1001003792187 |
| 461 | 0 | @1001004451461 |
| 510 | 1 | @aStudy on productivity and technology change of Chinese transportation industry@zeng |
| 606 | 0 | @a交通运输业@x生产力@x研究@y中国 |
| 606 | 0 | @a交通运输业@x技术革新@x研究@y中国 |
| 690 | @aF512@v4 | |
| 701 | 0 | @a庞瑞芝@c(女,@f1973~)@4著@9pang rui zhi |
| 801 | 0 | @aCN@b人天书店@c20100322 |
| 905 | @aTSG@dF512@eP329@f1 | |
| 中国交通运输业生产力与技术变动研究=Study on productivity and technology change of Chinese transportation industry/庞瑞芝著.-北京:经济管理出版社,2010 |
| 223页;24cm.-(中国现实经济热点问题系列).-(南开大学交通经济研究丛书) |
| ISBN 978-7-5096-0631-5:CNY37.50 |
| 本书从生产力成长、综合技术效率变化与技术变动以及中国绿色交通运输业发展等多个视角,评估了20世纪90年代末期以来中国交通运输业的成长绩效与面临的问题。 |
| ● |
| 相关链接 |
|
|
|
正题名:中国交通运输业生产力与技术变动研究
索取号:F512/P329
 
预约/预借
| 序号 | 登录号 | 条形码 | 馆藏地/架位号 | 状态 | 备注 |
| 1 | 1533578 | 215335787 | 社科库409/409社科库 37排6列2层/ [索取号:F512/P329] | 在馆 |